000 00394nam a2200133Ia 4500
005 20260328101527.0
008 260328s9999||||xx |||||||||||||| ||und||
100 _aClark, Roger H.
245 0 _aPrecedents in Architecture :
_b Analityc diagrams, Formative Ideas and parts /
_cRoger H. Clark
260 _bJohn Wiley & Sons
300 _a306 p.
650 _aARQUITECTURA - ELEMENTOS
942 _cBK
999 _c9842
_d9842